01342 a2200241 4500003000500000005001700005010001600022020001700038040000900055082001200064100001900076245006200095250001200157260003700169300003400206505050000240650002900740856008900769856009000858942001200948999001900960952012100979Nust20230119125828.0 a 86010500 a0070552797 : cNust00a670,SCH1 aSchey, John A.10aIntroduction to manufacturing processes /cJohn A. Schey. a2nd ed. aNew York :bMcGraw-Hill,cc1987. axxi, 714 p. :bill. ;c24 cm. aIntroduction to Manufacturing (Page-1), Attributes of Manufactured Products (Page-35), Metal Casting (Page-99), Bulk Deformation Processes (Page-183), Sheet-Metalworking Processes (Page-280), Processing of Particulate Metals and Ceramics and of Glasses (Page-330), Processing of Polymers (Page-380), Machining (Page-441), Joining Processes (Page-538), Manufacture of Semiconductor Devices (Page-584), Manufacturing Systems (Page-623), Competitive Aspects of Manufacturing Processes (Page-656). 0aManufacturing processes.423Publisher descriptionuhttp://www.loc.gov/catdir/enhancements/fy0602/86010500-d.html423Table of contents onlyuhttp://www.loc.gov/catdir/enhancements/fy0602/86010500-t.html 2ddccBK c185005d185005 00102ddc4070aMCSbMCScGENd2016-12-12o670,SCHpMCS20695r2016-12-08w2016-12-12yBKzAlmirah No.55, Shelf No.4